00692nam a2200205Ia 450000500170000000800410001702000130005804000190007104100120009008200170010210000330011924501170015225000120026926000440028130000110032550400860033665000190042270000350044185000100047620230320102626.0131103s9999 xx 000 0 und d cRs.20.00 aLoreto College aEnglish a891.441bCHA aChattopadhyay, Bankimchandra aGadyo,padyo ba kabita pustakcBankimchandra Chattopadhyay;edited by Brajendranath Bandopadhyay & Sajanikanto Das a3rd ed. aKolkatabBangiyo Sahitya Parishadc2010 a106p.  a1856 khristabde 'Lalita o Manas' o 1878 khristabde 'Kabitapustak' pratham mudrito aBengali poetry aBandopadhyay,Brajendranath,ed. aLCLIB